Statistics for Incorporated Cities In WA - by Population - 2050 Estimate

Click here to take the quiz!

General Stats

  • This quiz has been taken 8 times
  • The average score is 90 of 281

Answer Stats

#CountyTypePopulationCity% Correct
60KingCode26,268Mercer Island
100%
54SnohomishCode28,609Monroe
100%
24ThurstonCode (County Seat)70,562Olympia
100%
1KingFirst Class (County Seat)1,158,865Seattle
100%
3SpokaneFirst Class (County Seat)266,099Spokane
100%
4PierceFirst Class (County Seat)249,886Tacoma
100%
2ClarkFirst Class (County Seat)277,765Vancouver
100%
45Walla WallaCode (County Seat)36,560Walla Walla
100%
14YakimaFirst Class (County Seat)113,788Yakima
100%
78Grays HarborFirst Class17,683Aberdeen
75%
70SkagitCode21,467Anacortes
75%
18King, PierceCode102,896Auburn
75%
55KitsapCode28,375Bainbridge Island
75%
5KingCode179,314Bellevue
75%
10WhatcomFirst Class (County Seat)136,262Bellingham
75%
59KingCode26,527Black Diamond
75%
43PierceCode36,750Bonney Lake
75%
26King, SnohomishCode62,051Bothell
75%
30KitsapCode54,855Bremerton
75%
80SkagitCode16,682Burlington
75%
73LewisCode20,353Centralia
75%
126ChelanCode6,702Chelan
75%
44KingCode36,608Des Moines
75%
32SnohomishCode48,023Edmonds
75%
68KittitasCode (County Seat)21,827Ellensburg
75%
75King, PierceCode18,013Enumclaw
75%
8SnohomishFirst Class (County Seat)146,339Everett
75%
16KingCode110,730Federal Way
75%
57WhatcomCode27,868Ferndale
75%
93PierceCode12,509Fife
75%
31KingCode52,441Issaquah
75%
58KingCode27,074Kenmore
75%
6KingCode161,708Kent
75%
15ThurstonCode112,566Lacey
75%
25PierceCode68,992Lakewood
75%
36CowlitzCode40,938Longview
75%
64WhatcomCode23,459Lynden
75%
27SnohomishCode60,788Lynnwood
75%
38KingCode40,383Maple Valley
75%
19SnohomishCode101,374Marysville
75%
40SkagitCode (County Seat)38,929Mount Vernon
75%
67SnohomishCode22,058Mukilteo
75%
61IslandCode26,202Oak Harbor
75%
119King, PierceCode7,585Pacific
75%
65ClallamCode (County Seat)22,760Port Angeles
75%
82KitsapCode16,225Poulsbo
75%
48WhitmanCode34,491Pullman
75%
33PierceCode47,443Puyallup
75%
13KingCode115,596Redmond
75%
21BentonFirst Class88,160Richland
75%
49KingCode34,314SeaTac
75%
79SkagitCode17,211Sedro-Woolley
75%
22KingCode83,728Shoreline
75%
7SpokaneCode147,216Spokane Valley
75%
94PierceCode12,411Sumner
75%
52KingCode31,618Tukwila
75%
37ThurstonCode40,843Tumwater
75%
42ChelanCode (County Seat)38,325Wenatchee
75%
72KingCode20,679Woodinville
75%
148KingCode3,540Algona
50%
41SnohomishCode38,588Arlington
50%
50ClarkCode32,413Battle Ground
50%
104WhatcomCode10,144Blaine
50%
109PierceCode9,524Buckley
50%
29KingCode57,006Burien
50%
39ClarkCode39,615Camas
50%
123LewisCode (County Seat)7,049Chehalis
50%
95SpokaneCode12,305Cheney
50%
163WhitmanSecond Class (County Seat)2,812Colfax
50%
134StevensSecond Class (County Seat)4,997Colville
50%
53KingCode29,007Covington
50%
103PierceCode10,441DuPont
50%
84DouglasCode14,678East Wenatchee
50%
142Grays HarborCode3,858Elma
50%
141ClallamCode3,935Forks
50%
235WhitmanTown592Garfield
50%
66PierceCode22,339Gig Harbor
50%
111Grays HarborCode8,966Hoquiam
50%
140CowlitzCode4,060Kalama
50%
90CowlitzCode (County seat)13,020Kelso
50%
17BentonCode109,411Kennewick
50%
9KingCode139,625Kirkland
50%
87KingCode13,930Lake Forest Park
50%
20SnohomishCode91,930Lake Stevens
50%
175PacificCode2,108Long Beach
50%
152Grays HarborCode3,227McCleary
50%
56SnohomishCode27,966Mill Creek
50%
113Pierce, KingCode8,877Milton
50%
190LewisCode1,476Morton
50%
46GrantCode35,786Moses Lake
50%
34SnohomishCode46,526Mountlake Terrace
50%
86KingCode14,051North Bend
50%
88Grays HarborCode13,365Ocean Shores
50%
164OkanoganCode (County Seat)2,789Okanogan
50%
127OkanoganCode6,060Omak
50%
108PierceCode9,731Orting
50%
11FranklinFirst Class (County Seat)118,828Pasco
50%
47KitsapSecond Class (County Seat)34,517Port Orchard
50%
98JeffersonCode (County Seat)11,968Port Townsend
50%
12KingCode117,935Renton
50%
28ClarkCode58,875Ridgefield
50%
220PierceCode806Roy
50%
23KingCode75,705Sammamish
50%
100YakimaCode11,123Selah
50%
99ClallamCode11,284Sequim
50%
96SnohomishCode12,166Snohomish
50%
77KingCode17,911Snoqualmie
50%
81SnohomishCode16,505Stanwood
50%
117PierceTown7,707Steilacoom
50%
174SkamaniaCode (County Seat)2,231Stevenson
50%
76YakimaCode17,925Sunnyside
50%
69ClarkCode21,549Washougal
50%
51BentonCode31,745West Richland
50%
97ThurstonCode12,147Yelm
50%
83SpokaneCode15,987Airway Heights
25%
125BentonCode6,789Benton City
25%
122SnohomishCode7,060Brier
25%
217PierceTown844Carbonado
25%
136ChelanCode4,318Cashmere
25%
166CowlitzCode2,586Castle Rock
25%
227WahkiakumTown (County Seat)710Cathlamet
25%
147StevensCode3,570Chewelah
25%
116AsotinCode7,751Clarkston
25%
153KittitasCode3,137Cle Elum
25%
158KingCode3,016Clyde Hill
25%
215SkagitTown891Concrete
25%
232FranklinCode631Connell
25%
167IslandTown (County Seat)2,472Coupeville
25%
106SpokaneCode9,803Deer Park
25%
187ChelanCode1,666Entiat
25%
102GrantCode (County Seat)10,607Ephrata
25%
130WhatcomCode5,358Everson
25%
115PierceCode7,946Fircrest
25%
145San JuanTown (County Seat)3,633Friday Harbor
25%
188GrantCode1,569George
25%
199PacificCode1,317Ilwaco
25%
191KittitasCode1,458Kittitas
25%
114ClarkCode8,084La Center
25%
198IslandCode1,327Langley
25%
63SpokaneCode23,473Liberty Lake
25%
177YakimaCode2,019Mabton
25%
128GrantCode5,735Mattawa
25%
131SpokaneCode5,284Medical Lake
25%
159KingCode3,015Medina
25%
248FranklinCode435Mesa
25%
144Grays HarborCode (County Seat)3,658Montesano
25%
112YakimaCode8,916Moxee
25%
193YakimaTown1,444Naches
25%
74KingCode18,947Newcastle
25%
208SkamaniaCode1,065North Bonneville
25%
180OkanoganCode1,945Oroville
25%
89AdamsCode13,109Othello
25%
224LewisTown772Pe Ell
25%
192GarfieldCode (County Seat)1,449Pomeroy
25%
249Walla WallaCode402Prescott
25%
105BentonCode (County Seat)9,892Prosser
25%
137ThurstonCode4,229Rainier
25%
207FerryCode (County Seat)1,072Republic
25%
179AdamsSecond Class (County Seat)1,947Ritzville
25%
205PierceCode1,155Ruston
25%
101MasonCode (County Seat)10,861Shelton
25%
168GrantCode2,431Soap Lake
25%
276ColumbiaTown129Starbuck
25%
71SnohomishCode20,986Sultan
25%
146ThurstonCode3,620Tenino
25%
161YakimaCode2,949Tieton
25%
213OkanoganCode923Tonasket
25%
121YakimaCode7,428Union Gap
25%
35PierceCode42,006University Place
25%
218LewisCode839Vader
25%
138GrantCode4,209Warden
25%
157Grays HarborCode3,033Westport
25%
244PierceTown459Wilkeson
25%
133LewisCode5,102Winlock
25%
124Cowlitz, ClarkCode6,921Woodland
25%
189SnohomishCode1,538Woodway
25%
149YakimaCode3,539Zillah
25%
245WhitmanTown450Albion
0%
252LincolnTown338Almira
0%
195AsotinCode (County Seat)1,414Asotin
0%
255KingTown297Beaux Arts Village
0%
222KlickitatCode798Bingen
0%
176OkanoganCode2,103Brewster
0%
173DouglasCode2,281Bridgeport
0%
221ThurstonTown800Bucoda
0%
162KingCode2,828Carnation
0%
107Walla WallaCode9,782College Place
0%
240WhitmanTown491Colton
0%
266OkanoganTown213Conconully
0%
178Grays HarborCode1,958Cosmopolis
0%
231GrantTown659Coulee City
0%
204Okanogan, Douglas, GrantTown1,201Coulee Dam
0%
258LincolnTown283Creston
0%
272Pend OreilleTown173Cusick
0%
182SnohomishTown1,892Darrington
0%
181LincolnSecond Class (County Seat)1,923Davenport
0%
169ColumbiaCode (County Seat)2,418Dayton
0%
91KingCode12,994Duvall
0%
150PierceTown3,395Eatonville
0%
62PierceCode24,957Edgewood
0%
210GrantCode1,046Electric City
0%
254OkanoganTown299Elmer City
0%
256WhitmanTown292Endicott
0%
228SpokaneTown699Fairfield
0%
264WhitmanTown221Farmington
0%
194SnohomishCode1,423Gold Bar
0%
143KlickitatCode (County Seat)3,773Goldendale
0%
216GrantCode852Grand Coulee
0%
85YakimaCode14,310Grandview
0%
132YakimaCode5,134Granger
0%
118SnohomishCode7,700Granite Falls
0%
262SkagitTown259Hamilton
0%
237YakimaTown535Harrah
0%
241LincolnCode489Harrington
0%
271GrantTown180Hartline
0%
279AdamsTown89Hatton
0%
242KingTown487Hunts Point
0%
273SnohomishTown155Index
0%
250Pend OreilleTown398Ione
0%
277FranklinCode127Kahlotus
0%
186StevensCode1,676Kettle Falls
0%
280GrantTown9Krupp
0%
203SkagitTown1,215La Conner
0%
261WhitmanTown277LaCrosse
0%
275WhitmanTown139Lamont
0%
270SpokaneTown185Latah
0%
129ChelanCode5,533Leavenworth
0%
238AdamsTown535Lind
0%
247SkagitTown443Lyman
0%
281WhitmanTown0Malden
0%
251DouglasTown366Mansfield
0%
267StevensTown206Marcus
0%
274Pend OreilleTown142Metaline
0%
253Pend OreilleTown302Metaline Falls
0%
172SpokaneCode2,321Millwood
0%
212LewisCode938Mossyrock
0%
160LewisCode2,958Napavine
0%
263OkanoganTown230Nespelem
0%
171Pend OreilleCode (County Seat)2,324Newport
0%
170WhatcomCode2,361Nooksack
0%
120KingCode7,461Normandy Park
0%
260StevensTown277Northport
0%
246WhitmanTown445Oakesdale
0%
226Grays HarborCode765Oakville
0%
219LincolnTown836Odessa
0%
196WhitmanSecond Class1,365Palouse
0%
234OkanoganCode613Pateros
0%
92GrantCode12,763Quincy
0%
151PacificCode3,371Raymond
0%
225LincolnTown767Reardan
0%
257OkanoganTown289Riverside
0%
211SpokaneTown1,002Rockford
0%
139DouglasCode4,189Rock Island
0%
243WhitmanTown468Rosalia
0%
209KittitasCode1,050Roslyn
0%
154GrantCode3,116Royal City
0%
269KingTown201Skykomish
0%
183PacificCode (County Seat)1,836South Bend
0%
233KittitasTown619South Cle Elum
0%
156PierceTown3,093South Prairie
0%
259SpokaneCode280Spangle
0%
236LincolnCode545Sprague
0%
223StevensTown794Springdale
0%
230WhitmanTown659St. John
0%
155WhatcomCode3,115Sumas
0%
229WhitmanTown697Tekoa
0%
200LewisCode1,271Toledo
0%
110YakimaCode9,314Toppenish
0%
184OkanoganTown1,822Twisp
0%
239WhitmanTown499Uniontown
0%
197Walla WallaUnclassified1,356Waitsburg
0%
135YakimaSecond Class4,737Wapato
0%
268AdamsTown201Washtucna
0%
202DouglasTown (County Seat)1,244Waterville
0%
278SpokaneTown111Waverly
0%
165KlickitatCode2,635White Salmon
0%
214LincolnTown895Wilbur
0%
265GrantTown214Wilson Creek
0%
201OkanoganTown1,264Winthrop
0%
185ClarkTown1,688Yacolt
0%
206KingTown1,144Yarrow Point
0%

Score Distribution

Percentile by Number Answered

Percent of People with Each Score

Your Score History

You have not taken this quiz